000 00538nam a2200193Ia 4500
003 OSt
005 20250124151816.0
008 210210b1985 xxu||||| |||| 00| 0 eng d
040 _cAL
041 _aKannada
082 _aK894.3 YANP
100 _aYANDAMURI VIRENDRANATH.
_dಯಂಡಮೂರಿ ವೀರೇಂದ್ರನಾಥ್
_9195311
245 _aParnashale.
_bಪರ್ಣಶಾಲೆ
260 _aBengaluru
_bAsha Sahitya
_c1985
300 _a234
690 _aKannada Fiction
_9195312
906 _a038696
942 _2ddc
_cBK
999 _c88662
_d88662